Lego Daily Bugle characters - Statistics

General Stats
  • This quiz has been taken 66 times
  • The average score is 15 of 25
Answer Stats
Answer % Correct
Spiderman
100%
Green goblin
95%
Sandman
90%
Venom
86%
Doctor octopus
81%
Gwen Stacy
81%
J Jonah Jameson
81%
Peter Parker
81%
Carnage
76%
Mysterio
76%
Aunt May
71%
Black cat
62%
Miles Morales
62%
Punisher
62%
Daredevil
57%
Spider ham
52%
Betty
48%
Firestar
43%
Spider Gwen
43%
Blade
38%
Ben
33%
Robbie
29%
Amber
19%
Bernie
19%
Ron
19%
No matching quizzes found
Score Distribution
Percent of People with Each Score
Percentile by Number Answered
Your Score History
You have not taken this quiz